| 000 | 00741nam a22001937a 4500 | ||
|---|---|---|---|
| 999 |
_c371586 _d371586 |
||
| 008 | 201127b ||||| |||| 00| 0 eng d | ||
| 040 |
_aDE-2950 _bger _cDE-2950 _erda |
||
| 041 | _ager | ||
| 245 |
_aLesestoff auf ukrainisch. _bLiteratur: Dank des Engagements von Katja Micklich wurden 5000 ukrainische Bücher aus dem Kriegsgebiet nach Deutschland gebracht/ _cJacqueline Westermann |
||
| 264 | _c2022 | ||
| 653 | _aFrankfurt (Oder) | ||
| 653 | _aUkraineflüchtlinge | ||
| 655 | _yLesestoff | ||
| 773 |
_dFrankfurt (Oder) Märkisches Verlags- und Druckhaus GmbH & Co KG _tMärkische Oderzeitung _g33. Jahrgang (2022) Nr. 97 vom 276.04.2022, S. 13 |
||
| 942 | _cA | ||